00895nam a2200229 a 450000100100000000500170001000800410002702000150006804000250008310000290010824500510013726000340018830000310022249000270025350000770028050000730035750000450043050000340047583000340050995201050054399900170064800004401820201002045109.0140513s1982 sp c 000 0 spa d a8432056790 aDO-SdBNPbspacBNPHU1 aMérida, María97199510aEntrevista con la Iglesia /cMaría Mérida. aBarcelona, :bPlaneta,c1982. a263 p. :bretrs. ;c25 cm.1 aEspejo de Españav79 aLa jerarquía eclesiástica española en su verdad humana y pastoral. aIncluye datos biografícos de la autora en la solapa de la portada. aFinalista premio Espejo de España 1982 aIncluye índice onomástico 0aEspejo de Españan79971996 001050718MOaGRbGRcCTd2014-05-13iLF1l0o p44018-10r2020-06-25w2020-06-25y1ZNo se presta c43507d43507